000 00486nam a2200145 4500
999 _c10015
_d10015
008 180725b ||||| |||| 00| 0 eng d
022 _a2094-8042
082 _aDPer 370.105 M72 Jan-Dec 2011
100 _929584
_aLuna, Gabriel L.
245 _aThe theories behind our celebration of valentines day/
_cGabriel L. Luna.
260 _aPhilippines;
_bIn The Grade School, Inc.,
_cc2011.
300 _av59 n9, pages 379-380;
_c27cm.
650 0 _929589
_aValentine's Day.
942 _2ddc
_cPER